London Underground stations Containing Each Letter A-Z - Statistics

General Stats
  • This quiz has been taken 197 times
  • The average score is 235 of 417
Answer Stats
Starts With Contains # Possible Example Geography % Correct
W E 26 West Hampstead
86%
W I 12 Woodside Park
86%
W T 19 Westminster
86%
W W 28 Wimbledon Park
86%
B B 25 Bank
84%
B N 15 Barons Court
84%
K G 7 Kew Gardens
84%
K K 11 Kenton
84%
K N 11 Kennington
84%
K R 7 Kingsbury
84%
K S 7 Kensal Green
84%
W M 9 West Ham
84%
W N 17 Wood Lane
84%
W R 17 Wood Green
84%
W S 16 Warren Street
84%
B R 23 Boston Manor
82%
K A 5 Kew Gardens
82%
P P 10 Preston Road
82%
B T 12 Bond Street
80%
K I 8 Kensington (Olympia)
80%
K O 5 Kenton
80%
K T 6 King’s Cross St Pancras
80%
P A 7 Park Royal
80%
P D 4 Paddington
80%
P I 7 Perivale
80%
A A 9 Aldgate
77%
B A 16 Baker Street
77%
B E 13 Becontree
77%
B S 14 Brent Cross
77%
C A 18 Cannon Street
77%
C C 23 Clapham Common
77%
C N 14 Clapham North
77%
C R 16 Charing Cross
77%
E E 16 Eastcote
77%
H A 19 Harrow & Wealdstone
77%
H H 25 Holborn
77%
H T 17 Hendon Central
77%
K C 1 King’s Cross St Pancras
77%
K P 3 Kilburn Park
77%
L E 9 Leyton
77%
L I 4 London Bridge
77%
L L 10 Loughton
77%
L R 7 Lancaster Gate
77%
L S 4 Leicester Square
77%
L T 8 Leytonstone
77%
A E 7 Alperton
75%
A N 5 Angel
75%
B K 9 Burnt Oak
75%
C O 16 Caledonian Road
75%
E A 14 East Acton
75%
E N 10 East Acton
75%
E S 9 Earl’s Court
75%
E T 10 Elephant & Castle
75%
H E 17 High Street Kensington
75%
M E 11 Mile End
75%
M M 12 Mansion House
75%
S S 27 Southwark
75%
W A 17 Watford
75%
W L 12 Walthamstow Central
75%
A G 4 Angel
73%
C E 14 Canada Water
73%
C G 4 Chigwell
73%
C T 9 Canning Town
73%
E C 6 Elephant & Castle
73%
E L 6 Elm Park
73%
H M 5 Hammersmith
73%
H N 21 Hatton Cross
73%
H O 18 Hillingdon
73%
H S 11 Hampstead
73%
K E 7 Kennington
73%
L O 8 Loughton
73%
M A 8 Maida Vale
73%
M O 8 Mansion House
73%
O O 5 Oval
73%
S O 20 South Wimbledon
73%
S T 23 South Woodford
73%
W O 15 Waterloo
73%
A L 5 Aldgate
70%
B O 14 Borough
70%
C S 8 Chesham
70%
E O 8 Ealing Common
70%
H I 11 Hainault
70%
H L 17 Hounslow Central
70%
H R 19 Hanger Lane
70%
L A 5 Lambeth North
70%
M L 5 Marylebone
70%
M N 7 Manor House
70%
P G 3 Parsons Green
70%
P N 5 Pinner
70%
S A 14 Shepherd’s Bush Market
70%
S U 16 South Kenton
70%
V A 2 Vauxhall
70%
V V 2 Victoria
70%
C D 7 Colindale
68%
C H 12 Chorleywood
68%
E H 3 East Ham
68%
E P 4 Elm Park
68%
H D 8 Harlesden
68%
L C 2 Lancaster Gate
68%
M R 7 Marble Arch
68%
O R 3 Old Street
68%
O S 3 Old Street
68%
P O 6 Pimlico
68%
P R 7 Preston Road
68%
Q E 3 Queen’s Park
68%
Q N 3 Queensbury
68%
Q Q 3 Queensway
68%
Q S 3 Queensway
68%
Q U 3 Queen’s Park
68%
S E 17 Southgate
68%
S K 9 Snaresbrook
68%
V C 1 Victoria
68%
V I 1 Victoria
68%
V O 1 Victoria
68%
V R 1 Victoria
68%
V T 1 Victoria
68%
B I 8 Buckhurst Hill
66%
E U 4 Euston
66%
G E 8 Green Park
66%
G G 10 Golders Green
66%
G R 9 Goldhawk Road
66%
K B 4 Knightsbridge
66%
L Q 1 Leicester Square
66%
L U 2 Leicester Square
66%
O D 3 Oakwood
66%
P S 4 Parsons Green
66%
P T 4 Paddington
66%
Q A 2 Queensway
66%
R R 12 Ruislip
66%
S H 14 South Harrow
66%
S R 17 Stratford
66%
W D 11 Woodford
66%
W H 7 White City
66%
B C 7 Barbican
64%
C I 8 Chiswick Park
64%
C W 8 Colliers Wood
64%
E R 6 Ealing Broadway
64%
F A 6 Finsbury Park
64%
F F 6 Fairlop
64%
F I 5 Finchley Road
64%
F R 6 Finchley Road
64%
G A 6 Gants Hill
64%
G N 7 Greenford
64%
H P 3 Holland Park
64%
H W 9 Heathrow Terminals 2 & 3
64%
K D 2 Knightsbridge
64%
L N 6 Leytonstone
64%
L V 2 Liverpool Street
64%
S L 8 South Ealing
64%
T E 10 Temple
64%
T O 7 Tooting Bec
64%
T R 7 Tottenham Court Road
64%
T T 11 Turnpike Lane
64%
W P 8 West Brompton
64%
A R 5 Arsenal
61%
A S 4 Arnos Grove
61%
C L 12 Chalfont & Latimer
61%
C M 7 Chalk Farm
61%
E M 4 Embankment
61%
F N 4 Finchley Road
61%
L G 4 Ladbroke Grove
61%
N E 8 Nine Elms
61%
N N 14 Neasden
61%
O C 1 Oxford Circus
61%
O F 1 Oxford Circus
61%
O I 1 Oxford Circus
61%
O L 3 Osterley
61%
O U 1 Oxford Circus
61%
O X 1 Oxford Circus
61%
P U 2 Piccadilly Circus
61%
P Y 3 Putney Bridge
61%
R I 7 Rickmansworth
61%
R N 8 Regent’s Park
61%
S N 12 Stanmore
61%
S W 8 Stockwell
61%
T A 6 Tottenham Hale
61%
T C 2 Tottenham Court Road
61%
T D 4 Tooting Broadway
61%
T N 9 Totteridge & Whetstone
61%
U E 4 Upney
61%
U I 3 Upminster
61%
U R 4 Upminster Bridge
61%
U U 5 Upminster
61%
W B 6 Wembley Central
61%
A T 4 Acton Town
59%
B D 6 Barkingside
59%
C F 4 Canary Wharf
59%
E G 5 Epping
59%
E I 4 Ealing Common
59%
G P 2 Great Portland Street
59%
K H 2 Kentish Town
59%
L P 1 Liverpool Street
59%
M I 5 Mill Hill East
59%
M T 4 Mornington Crescent
59%
P C 2 Piccadilly Circus
59%
P L 5 Plaistow
59%
R D 4 Roding Valley
59%
S D 11 Stonebridge Park
59%
S P 7 St Paul’s
59%
T H 6 Tottenham Hale
59%
T M 4 Temple
59%
A O 3 Acton Town
57%
B L 7 Balham
57%
E B 2 Ealing Broadway
57%
F O 4 Farringdon
57%
G S 6 Golders Green
57%
L B 3 London Bridge
57%
M B 2 Marble Arch
57%
M D 3 Morden
57%
N H 11 North Harrow
57%
N O 11 North Harrow
57%
N T 11 Notting Hill Gate
57%
Q Y 2 Queensbury
57%
R A 9 Ravenscourt Park
57%
R E 7 Redbridge
57%
R O 6 Ruislip Manor
57%
R S 8 Ruislip Gardens
57%
S I 9 South Kensington
57%
T U 4 Turnham Green
57%
W C 8 Whitechapel
57%
B G 5 Bethnal Green
55%
B H 5 Blackhorse Road
55%
C P 5 Canons Park
55%
F D 3 Farringdon
55%
G K 2 Green Park
55%
G T 4 Gloucester Road
55%
H G 6 Highgate
55%
H K 3 Hyde Park Corner
55%
K L 4 Kensal Green
55%
L D 3 Latimer Road
55%
M H 4 Manor House
55%
M S 4 Mill Hill East
55%
M U 3 Monument
55%
N A 7 Notting Hill Gate
55%
N I 7 North Ealing
55%
R C 3 Richmond
55%
R H 2 Richmond
55%
R M 3 Ruislip Manor
55%
R P 5 Ravenscourt Park
55%
T L 5 Tower Hill
55%
U N 4 Upney
55%
U P 4 Upminster
55%
U T 3 Upton Park
55%
A C 2 Acton Town
52%
A W 2 Archway
52%
C Y 4 Chancery Lane
52%
E D 3 Edgware Road
52%
E K 2 Embankment
52%
E W 3 Edgware
52%
E Y 3 East Putney
52%
G D 6 Goodge Street
52%
G L 6 Great Portland Street
52%
G O 6 Goodge Street
52%
H B 3 High Barnet
52%
H C 5 Hornchurch
52%
H Y 3 Holloway Road
52%
K U 3 Kilburn
52%
M C 2 Mornington Crescent
52%
N G 3 North Greenwich
52%
O A 2 Oval
52%
Q R 2 Queensbury
52%
Q W 1 Queensway
52%
R G 4 Ruislip Gardens
52%
S G 6 Stepney Green
52%
T I 6 Tower Hill
52%
U M 2 Upminster Bridge
52%
U S 2 Upminster
52%
V H 1 Vauxhall
52%
V L 1 Vauxhall
52%
V U 1 Vauxhall
52%
V X 1 Vauxhall
52%
W F 3 West Finchley
52%
B Y 3 Bromley-by-Bow
50%
D D 4 Dagenham Heathway
50%
D H 3 Dagenham Heathway
50%
F G 1 Farringdon
50%
H U 6 Highbury & Islington
50%
N L 7 Northolt
50%
N R 11 North Acton
50%
O E 2 Osterley
50%
O T 2 Old Street
50%
O V 1 Oval
50%
R K 4 Royal Oak
50%
R T 3 Regent’s Park
50%
S F 4 Southfields
50%
S M 5 St James’s Park
50%
T B 3 Theydon Bois
50%
T W 3 Totteridge & Whetstone
50%
B M 4 Bermondsey
48%
B U 5 Bounds Green
48%
B W 4 Bayswater
48%
C V 1 Covent Garden
48%
F Y 4 Finchley Central
48%
M G 2 Moorgate
48%
N W 7 North Wembley
48%
Q K 1 Queen’s Park
48%
Q P 1 Queen’s Park
48%
S J 2 St John’s Wood
48%
T P 3 Tufnell Park
48%
U B 2 Upminster Bridge
48%
U D 2 Uxbridge
48%
U G 2 Uxbridge
48%
U X 1 Uxbridge
48%
W Y 4 Wembley Park
48%
A D 2 Aldgate East
45%
B P 2 Battersea Power Station
45%
C K 4 Cockfosters
45%
D E 3 Debden
45%
D N 3 Dagenham Heathway
45%
D S 2 Dagenham East
45%
E F 1 East Finchley
45%
F L 4 Fairlop
45%
K W 2 Kentish Town
45%
M Y 1 Marylebone
45%
R L 7 Rayners Lane
45%
S B 8 Shepherd's Bush
45%
T Y 2 Tooting Broadway
45%
W K 6 West Kensington
45%
B F 1 Blackfriars
43%
B X 1 Brixton
43%
D A 2 Dagenham East
43%
D G 2 Dagenham East
43%
D M 2 Dagenham East
43%
D T 2 Dagenham East
43%
E Q 1 Euston Square
43%
F B 2 Fulham Broadway
43%
F P 2 Fairlop
43%
F U 2 Finsbury Park
43%
G U 2 Gunnersbury
43%
P E 5 Pinner
43%
R U 5 Ruislip
43%
S Q 1 Sloane Square
43%
T G 4 Tooting Bec
43%
T S 2 Theydon Bois
43%
W G 3 Willesden Green
43%
W U 4 West Ruislip
43%
A H 2 Archway
41%
C U 1 Clapham South
41%
D I 1 Dollis Hill
41%
D L 1 Dollis Hill
41%
D O 1 Dollis Hill
41%
F H 3 Finchley Central
41%
G H 3 Gants Hill
41%
L H 2 Lambeth North
41%
M V 1 Maida Vale
41%
N S 4 Northwood Hills
41%
A M 1 Amersham
39%
D W 1 Dagenham Heathway
39%
D Y 1 Dagenham Heathway
39%
F K 1 Finsbury Park
39%
F S 1 Finsbury Park
39%
L Y 2 Leyton
39%
N M 2 Nine Elms
39%
Q B 1 Queensbury
39%
R Y 3 Rayners Lane
39%
S C 2 Swiss Cottage
39%
A V 1 Arnos Grove
36%
D B 1 Debden
36%
F C 2 Finchley Central
36%
F E 2 Finchley Road
36%
K Y 2 Kingsbury
36%
L K 1 Ladbroke Grove
36%
L M 2 Latimer Road
36%
N C 3 North Acton
36%
N D 4 Northwood
36%
N K 2 Northwick Park
36%
N P 2 Northwick Park
36%
R Q 1 Russell Square
36%
T K 2 Turnpike Lane
36%
B Z 1 Belsize Park
34%
G B 1 Gunnersbury
34%
G I 2 Grange Hill
34%
G Y 1 Gunnersbury
34%
I A 1 Ickenham
34%
I C 1 Ickenham
34%
I E 1 Ickenham
34%
I H 1 Ickenham
34%
I I 1 Ickenham
34%
I K 1 Ickenham
34%
I M 1 Ickenham
34%
I N 1 Ickenham
34%
N B 2 Newbury Park
34%
N Y 2 North Wembley
34%
P M 1 Pimlico
34%
S V 1 Seven Sisters
34%
U A 1 Upton Park
34%
U K 1 Upton Park
34%
U O 1 Upton Park
34%
A Y 1 Archway
32%
F M 1 Fulham Broadway
32%
F W 1 Fulham Broadway
32%
G C 1 Gloucester Road
32%
N U 1 Newbury Park
32%
P B 1 Putney Bridge
32%
R V 2 Roding Valley
32%
R W 1 Rickmansworth
32%
A P 1 Alperton
30%
C X 1 Croxley
30%
G W 1 Goldhawk Road
30%
K M 1 Kensington (Olympia)
30%
O Y 1 Osterley
30%
P K 1 Park Royal
30%
S Y 3 Sudbury Hill
30%
W J 1 Willesden Junction
30%
U Y 1 Upney
27%
W V 1 Warwick Avenue
27%
F T 1 Finchley Central
25%
G F 1 Greenford
25%
O K 1 Oakwood
25%
O W 1 Oakwood
25%
P V 1 Perivale
25%
P W 1 Plaistow
25%
R B 1 Redbridge
25%
M K 1 Moor Park
23%
M P 1 Moor Park
23%
N F 1 Northfields
23%
T F 1 Tufnell Park
23%
No matching quizzes found
Score Distribution
Percent of People with Each Score
Percentile by Number Answered
Your Score History
You have not taken this quiz